| 000 -LEADER |
| fixed length control field |
00450nam a2200181Ia 4500 |
| 008 - FIXED-LENGTH DATA ELEMENTS--GENERAL INFORMATION |
| fixed length control field |
200103s 1980 ||||xx |||||||||||||| ||und|| |
| 020 ## - INTERNATIONAL STANDARD BOOK NUMBER |
| International Standard Book Number |
0421196505 |
| 082 ## - DEWEY DECIMAL CLASSIFICATION NUMBER |
| Classification number |
344.41 |
| Item number |
GRU |
| 100 ## - MAIN ENTRY--PERSONAL NAME |
| Personal name |
Grunfeld, Cyril |
| 245 #4 - TITLE STATEMENT |
| Title |
The law of redundancy |
| 250 ## - EDITION STATEMENT |
| Edition statement |
2nd ed. |
| 260 ## - PUBLICATION, DISTRIBUTION, ETC. (IMPRINT) |
| Name of publisher, distributor, etc |
Sweet & Maxwell |
| Date of publication, distribution, etc |
1980 |
| Place of publication, distribution, etc |
London |
| 300 ## - PHYSICAL DESCRIPTION |
| Extent |
xlv, 466p. |
| 650 ## - SUBJECT ADDED ENTRY--TOPICAL TERM |
| Topical term or geographic name as entry element |
Dismissal |
| 650 ## - SUBJECT ADDED ENTRY--TOPICAL TERM |
| Topical term or geographic name as entry element |
Redundancy |
| 650 ## - SUBJECT ADDED ENTRY--TOPICAL TERM |
| Topical term or geographic name as entry element |
Lay-off and short-time |
| 942 ## - ADDED ENTRY ELEMENTS (KOHA) |
| Item type |
Books |